Logo BPK

Biblioteka

Politechniki Koszalińskiej

IX Krajowa Konferencja "Biocybernetyka i Inżynieria Biomedyczna" : (Rekord nr 29712)

Szczegóły MARC
000 -ETYKIETA REKORDU
podpole kontrolne o stałej długości 00472nam a2200145 i 4500
001 - NUMER KONTROLNY REKORDU
pole kontrolne bg
040 ## - ŹRÓDŁO KATALOGOWANIA
Instytucja, która utworzyła rekord BPK
041 ## - KOD JĘZYKA
Kod języka tekstu pol
008 - POLE O STAŁEJ DŁUGOŚCI - DANE KONTROLNE
podpole kontrolne o stałej długości s pl f |000 0 pol
245 00 - TYTUŁ/ODPOWIEDZIALNOŚĆ
Tytuł IX Krajowa Konferencja "Biocybernetyka i Inżynieria Biomedyczna" :
Ciąg dalszy tytułu materiały konferencyjne.
Oznaczenie części/sekcji dzieła T. 2.
246 ## - WARIANT TYTUŁU
Tytuł IX |Krajowa Konferencja "Biocybernetyka i Inżynieria Biomedyczna"
246 ## - WARIANT TYTUŁU
Tytuł Biocybernetyka i Inżynieria Biomedyczna
260 ## - STREFA ADRESU WYDAWNICZEGO
Miejsce wydania Gdańsk,
Data publikacji, dystrybucji/powstania dokumentu 1992.
856 ## - LOKALIZACJA I DOSTĘP DO ELEKTRONICZNYCH DOKUMENTÓW ZDALNYCH
Link (URL) http://koha.tu.koszalin.pl/cgi-bin/koha/opac-detail.pl?biblionumber=29712
Tekst linku Katalog online BPK
942 ## - DODATKOWE ELEMENTY (KOHA)
Typ dokumentu Książka
Egzemplarze
Wycofany Status egzemplarza Uszkodzony Dostępność Lokalizacja stała Lokalizacja bieżąca Miejsce przechowywania Sygnatura Kod kreskowy Typ dokumentu
      Dostępny Biblioteka Politechniki Koszalińskiej Biblioteka Politechniki Koszalińskiej Wypożyczalnia BG 36017 01426014 Książka
© 2023 Biblioteka Politechniki Koszalińskiej :: KOHA